000
00264nam a2200109 4500
999
_c
507616
_d
507616
082
_a
L1x5433 1975-76
100
_a
Government of Punjab
_9
2065
245
_a
Budget, Punjab, 1975-76
260
_a
Chandigarh
_b
Government Press
_c
1975
300
_a
v.p.
942
_2
ddc